A port city site on the Sinai Peninsula, al-Ṭūr : the 12th expedition in 1995 (a summary report) /

محفوظ في:

المؤلف الرئيسي: Kawatoko, Mutsuo (مؤلف)

مؤلف مشترك: Chūkintō Bunka Sentā (Japan)

التنسيق: كتاب

اللغة: English

منشور في: Tokyo : Committee for Egyptian Islamic Archaeology, Middle Eastern Culture Center in Japan, 1996.

الموضوعات:

الوسوم: إضافة وسم

لا توجد وسوم, كن أول من يضع وسما على هذه التسجيلة!

رقم الطلب: DT73 .T87 A72 1995

LEADER 00835nam a22002177a 4500
003 OSt
005 20251209124158.0
008 251209t1996 ja ab g 000 0 eng d
040 |c ARCE Library 
043 |a f-ua--- 
050 1 4 |a DT73 .T87  |b A72 1995 
100 1 |a Kawatoko, Mutsuo,  |e author  |9 33671 
245 1 2 |a A port city site on the Sinai Peninsula, al-Ṭūr :   |b the 12th expedition in 1995 (a summary report) /   |c Mutsuo Kawatoko. 
264 1 |a Tokyo :   |b Committee for Egyptian Islamic Archaeology, Middle Eastern Culture Center in Japan,   |c 1996. 
300 |a 86 pages :   |b illustrations (some color), maps ;   |c 30 cm. 
650 0 |a Excavations (Archaeology)  |z Egypt  |z Ṭūr. 
651 0 |a Ṭūr (Egypt)  |x Antiquities.  |9 18585 
710 2 |a Chūkintō Bunka Sentā (Japan)  |9 21191 
901 |a reviewed 
942 |c BK  |2 lcc 
999 |c 27993  |d 27993